Statystyki dla Kluby piłkarskie z La Ligi

Kliknij tutaj aby rozwiązać quiz!

Ogólne statystyki

  • Ten quiz został rozwiązany 243 razy
    (188 od ostatniego zresetowania)
  • Średni wynik to 8 z 19

Statystyki odpowiedzi

Lp.KlubLiczba punktów% Poprawnych
1.FC Barcelona58
100%
2.Real Madryt56
98%
6.Atletico Madryt45
88%
3.Sevilla47
76%
7.Valencia42
68%
12.Real Betis Sewilla33
57%
10.Athletic Bilbao37
52%
4.Real Sociedad46
51%
5.Getafe46
43%
17.Celta Vigo26
26%
11.Osasuna Pampeluna34
24%
8.Villarreal CF38
24%
14.Deportivo Alaves32
17%
16.SD Eibar27
16%
15.Real Valladolid29
13%
20.Espanyol Barcelona20
11%
13.Levante UD33
6%
19.CD Leganes23
1%
18.Real Mallorca25
1%

Rozkład punktacji

Percentyl według liczby udzielonych odpowiedzi

Procent ludzi z każdym wynikiem

Twoja historia wyników

Nie rozwiązałeś tego quizu od ostatniego zresetowania